| Tag |
First Indicator |
Second Indicator |
Subfields |
| LEADER |
00000cam a2200000 a 4500 |
| 001 |
in00001074321 |
| 005 |
20150929170329.0 |
| 007 |
he bmb---baca |
| 008 |
891129s1847 mdu b 000 0 eng d |
| 035 |
|
|
|a (OCoLC)20705893
|
| 035 |
|
|
|9 AFR6443AM
|
| 040 |
|
|
|a GUA
|c GUA
|d TXA
|d UtOrBLW
|
| 043 |
|
|
|a n-us---
|
| 049 |
|
|
|a TXAI
|
| 090 |
|
|
|a Z1201.S45
|b C2705 S5
|
| 099 |
|
|
|a fiche
|a C
|a 11277
|
| 100 |
1 |
|
|a Carey, John L.
|
| 245 |
1 |
0 |
|a Slavery and the Wilmot proviso :
|b with some suggestions for a compromise /
|c by John L. Carey.
|
| 264 |
|
1 |
|a Baltimore :
|b J.N. Lewis,
|c 1847.
|
| 300 |
|
|
|a 64 pages ;
|c 23 cm.
|
| 336 |
|
|
|a text
|b txt
|2 rdacontent
|
| 337 |
|
|
|a microform
|b h
|2 rdamedia
|
| 338 |
|
|
|a microfiche
|b he
|2 rdacarrier
|
| 510 |
4 |
|
|a Sabin
|c 10847
|
| 533 |
|
|
|a Microfiche.
|b Louisville [Ky.] :
|c Lost Cause Press,
|d 1976.
|e 2 microfiches : negative
|f (Selected Americana from Sabin's Dictionary of books relating to America)
|
| 500 |
|
|
|a Microform.
|
| 630 |
0 |
0 |
|a Wilmot proviso.
|
| 650 |
|
0 |
|a Slavery
|z United States
|x Controversial literature.
|
| 999 |
|
|
|a MARS
|
| 999 |
f |
f |
|s c36184aa-7b3c-3b19-bf3e-54ae9a116b55
|i a7521db0-3216-357a-9404-57aa562e37f8
|t 0
|
| 952 |
f |
f |
|p default
|a Texas A&M University
|b College Station
|c Sterling C. Evans Library
|d Evans: Microforms (3rd floor)
|t 0
|e fiche C 11277
|h Other scheme
|i microform -- microfiche
|
| 998 |
f |
f |
|a fiche C 11277
|t 0
|l Evans: Microforms (3rd floor)
|